000 00596nam a2200217 a 4500
020 _a2910199002
040 _cCU-A
082 _a338 EDI 1993 A010 Or.
245 0 0 _aAfrique--Asie :
_bperformances agricoles comparées /
250 _a1. éd.
260 _aParis :
_bEditions de la Revue française d'économie,
_c1993.
300 _a367 p. :
_bill. ;
_c24 cm.
650 0 _aAgriculture
650 0 _aAgriculture
650 0 _aRural development
650 0 _aRural development
700 1 _aEtienne, Gilbert.
700 1 _aGriffon, M.
700 1 _aGuillaumont, Patrick.
942 _cEK
999 _c13750
_d13750